ბათუმის შოთა რუსთაველის სახელმწიფო უნივერსიტეტის ბიბლიოთეკა

კუნთოვანი და ნერვული სისტემების ფიზიოლოგია : (ბიბ.ჩანაწერი № 57784)

000 -ლიდერი
ფიქსირებული სიგრძის საკონტროლო ველი 01375nam a22002297a 4500
003 - საკონტროლო ნომრის იდენტიფიკატორი
საკონტროლო ველი Ge_BSU
005 - ბოლო ოპერაციის თარიღი და დრო
საკონტროლო ველი 20201130131505.0
008 - ფიქსირებული სიგრძის მონაცემთა ელემენტები - ზოგადი ინფორმაცია
ფიქსირებული სიგრძის საკონტროლო ველი 201130b xxu||||| |||| 00| 0 geo d
020 ## - წიგნის საერთაშორისო სტანდარტული ნომერი
International Standard Book Number 9789941408885
041 ## - ენის კოდი
Language code of text/sound track or separate title geo
080 ## - უნივერსალური ათობითი კლასიფიკაციის ინდექსი
Universal Decimal Classification number 612.73/74(075.8) ს-19
100 ## - მთავარი ჩანაწერი - პიროვნების სახელი
Personal name საკანდელიძე, რენიკო.
9 (RLIN) 9787
245 ## - ცნობა სათაურის შესახებ
Title კუნთოვანი და ნერვული სისტემების ფიზიოლოგია :
Remainder of title [სახელმძღვანელო] /
Statement of responsibility, etc რენიკო საკანდელიძე, ერეკლე ჯულაყიძე ; რედ. თეიმურაზ ლომსიანიძე
264 ## - წარმოების, გამოცემის, დისტრიბუციის და სხვა ცნობები
გამოცემის, წარმოების, დისტრიბუციის... ადგილი ქუთაისი :
გამოცემის, წარმოების, დისტრიბუციის... სახელწოდება აკაკი წერეთლის სახელმწ. უნ-ტის გამ-ბა,
გამოცემის, წარმოების, დისტრიბუციის... თარიღი 2018.
300 ## - ფიზიკური აღწერა
Extent 384 გვ. :
Other physical details სურ. ;
Dimensions 21 სმ.
504 ## - BIBLIOGRAPHY, ETC. NOTE
Bibliography, etc ბიბლიოგრაფია: გვ. 370.
653 ## - INDEX TERM--UNCONTROLLED
Uncontrolled term კუნთოვანი სისტემების ფიზიოლოგია
653 ## - INDEX TERM--UNCONTROLLED
Uncontrolled term ნერვული სისტემების ფიზიოლოგია
700 ## - ADDED ENTRY--PERSONAL NAME
Personal name ჯულაყიძე, ერეკლე
Relator term ავტორი
9 (RLIN) 9788
700 ## - ADDED ENTRY--PERSONAL NAME
Personal name ლომსიანიძე, თეიმურაზ
Relator term რედაქტორი.
9 (RLIN) 9789
942 ## - ADDED ENTRY ELEMENTS (KOHA)
Source of classification or shelving scheme
Koha item type წიგნი
ეგზემპლარები
ჩამოწერის სტატუსი დაკარგული ეგზემპლარის სტატუსი კლასიფიკაციის წყარო ან თაროზე გაწყობის სქემა დაზიანების სტატუსი არ გაიცემა მუდმივი მდებარეობა (დაცვის ადგილი) ამჟამინდელი ადგილსამყოფელი თაროზე განთავსების ადგილი შეძენის თარიღი ღირებულება, შესყიდვის ნორმალური ფასი სრული შენახვის შიფრი შტრიხკოდი ბოლო ოპერაციის თარიღი ეგზემპლარის მიმდევრობითი ნომერი (კეტერი?) ფასის ძალაში შესვლის თარიღი ეგზემპლარის სახეობა საჯარო შენიშვნა
          ბათუმის შოთა რუსთაველის სახელმწიფო უნივერსიტეტის მთავარი ბიბლიოთეკა ბათუმის შოთა რუსთაველის სახელმწიფო უნივერსიტეტის მთავარი ბიბლიოთეკა წიგნსაცავი 2020-11-30 12.00 612.73/74(075.8) ს-19 61131 2020-11-30 61131 2020-11-30 წიგნი 12 ლ.